01021nam a22002177a 4500003000500000005001700005008004100022020002900063040001900092082001800111100001800129245013100147260004200278300004700320500031500367520000600682538003400688650000800722710004700730856002600777Nust20230711164232.0131219b xxu||||| |||| 00| 0 eng d cAvailablea9781853260919 aDLCbDLCcRCMS a823.912 bWOO aM.A, H.Newman aVirginia Woolf to the lighthouse /ca BBC-TV production in association with Colin Gregg Films, Ltd. ; directed by Colin Gregg. aUnited StatesbBooklandc1984-10-12 ; axvi, 232p.:b1/2 in. viewing copy.c22,cm. aLC copies are probable original broadcast copy (1/2 in. viewing copy, VAF 4845), WETA-TV off-air copy of original PBS Great performances broadcast copy (1/2 in. viewing copy, copy 2, VAA 1147) and WETA-TV rebroadcast copy of original PBS Great performances broadcast copy (3/4 in. viewing copy, VBD 6228-6229). a  iShelf # 13, Row # 1, Fiction. aMCE aCopyright Collection (Library of Congress) 3Table of Content Only